| 000 | 00000nam##2200000za#4500 |
| 001 | 9.573832 |
| 003 | CaOODSP |
| 005 | 20210624183905 |
| 007 | cr ||||||||||| |
| 008 | 150406|1994||||xxc|||||o f|0| 0 eng|d |
| 022 | |a1488-5379 |
| 040 | |aCaOODSP|beng |
| 043 | |an-cn--- |
| 086 | 1 |aFs97-6/1951E-PDF |
| 110 | 1 |aCanada. |bDepartment of Fisheries and Oceans. |bCentral and Arctic Region. |
| 245 | 12|aA bibliography of marking fishes with tetracyclines including references to effects on fishes / |h[electronic resource]|cby R.J. Wastle, J.A. Babaluk and G.M. Decterow. |
| 260 | |aWinnipeg - Manitoba : |bFisheries and Oceans Canada. |c1994. |
| 300 | |a30p.|breferences, index |
| 490 | 1 |aCanadian technical report of fisheries and aquatic sciences|x1488-5379|vNo. 1951 |
| 500 | |aIncorrect catalogue number (Fs97-4/1951E) and the ISSN (0706-6457) for the print edition have been copied in this electronic publication. |
| 504 | |aBibliography. |
| 546 | |a(Résumé en français) |
| 590 | |a12-23-Supp|b2012-05-28 |
| 720 | 1 |aBabaluk, J. A. |
| 720 | 1 |aWastle, R. J. |
| 720 | 1 |aDecterow, G. M. |
| 776 | 0#|tA bibliography of marking fishes with tetracyclines including references to effects on fishes / |w(CaOODSP)9.611528 |
| 830 | #0|aCanadian technical report of fisheries and aquatic sciences,|x1488-5379|vNo. 1951|w(CaOODSP)9.504449 |
| 856 | 40|ahttp://publications.gc.ca|qPDF|s3.34 MB|uhttps://publications.gc.ca/collections/collection_2012/mpo-dfo/Fs97-6-1951-eng.pdf|yNo. 1951 |